| 000 | 00741nam a2200241 a 4500 | ||
|---|---|---|---|
| 003 | AR-BaBNM | ||
| 005 | 20251128203712.0 | ||
| 008 | 082120s2002 ||||||||||||||000 | spa|| | ||
| 040 | _cAR-BaBNM | ||
| 100 | 1 | _aGandia, Enrique de | |
| 245 | 0 | 0 |
_aHistoria de la ideas políticas en la Argentina _blas ideas políticas de los hombres de Mayo. 3 |
| 260 |
_aBuenos Aires _bDepalma _c1965 |
||
| 300 | _a732 p. | ||
| 500 | _aEl índice se encuentra incompleto. | ||
| 650 | 4 | _aANTECEDENTES DE LA REVOLUCION DE MAYO | |
| 650 | 4 | _aSEMANA DE MAYO | |
| 650 | 4 | _aMOVIMIENTOS EMANCIPADORES LATINOAMERICANOS | |
| 650 | 4 | _aREVOLUCION DE MAYO | |
| 650 | 4 | _aHISTORIA DE LAS IDEAS | |
| 650 | 4 | _aHISTORIA POLITICA | |
| 942 | _cBK | ||
| 998 | _cmariana | ||
| 999 |
_c4552 _d4552 |
||